00730nam a2200217 a 450000500170000000800410001704000270005804100080008504400070009308200140010010000280011424501300014226000440027230000450031665000360036165000180039765000110041565000300042665000220045670000340047820160203155504.0140317b2003 ck a gr|||| 00| 0 spa d aCO-BoIAVH cCO-BoIAVH  aspa ack04a636bB74g1 aBotero A., Luz Mercedes1 aQuía para la cría, manejo y aprovechamiento sostenible de algunas especies animales mamíferos herbívoros domésticos aBogotábConvenio Andrés Belloc2003 a62 paginas.bilustraciones.;c27 x 21 cm 4aCría de animales domésticos 4aGanado Bovino 4aOvinos 4aProducción agropecuaria 4aCría de conejos1 aDe la Ossa Velásquez, Jaime